000 00352nam a22001217a 4500
082 _a220 PRO
100 _aEHSAN ULLAH,BILAL,WAQAS
_971897
245 _aPR-SOF-1375-DESIGN AND FABRICATION OF CHASSIS OF TWO SEATER SMART CAR
260 _aISLAMABAD
_bNUST COLLEGE OF EME
_c2014
650 _a DE-MECH-32
700 _aRAJA AMER AZIM
_970284
942 _cCR
999 _c578166
_d578166